The All England Law Reports 1949 Vol. 2 (Record no. 1646)
[ view plain ]
| 000 -LEADER | |
|---|---|
| fixed length control field | 01192nam a22002177a 4500 |
| 003 - CONTROL NUMBER IDENTIFIER | |
| control field | OSt |
| 005 - DATE AND TIME OF LATEST TRANSACTION | |
| control field | 20241127175654.0 |
| 008 - FIXED-LENGTH DATA ELEMENTS--GENERAL INFORMATION | |
| fixed length control field | 241127b |||||||| |||| 00| 0 eng d |
| 040 ## - CATALOGING SOURCE | |
| Transcribing agency | Central University Library |
| 245 ## - TITLE STATEMENT | |
| Title | The All England Law Reports 1949 Vol. 2 |
| Statement of responsibility, etc. | Editors: Sir Roland Burrows, K.C.; Harold Christie, K.C.; Cyril King, K.C.; and G. F. L. Bridgman |
| 260 ## - PUBLICATION, DISTRIBUTION, ETC. | |
| Place of publication, distribution, etc. | London, United Kingdom |
| Name of publisher, distributor, etc. | The Law Journal |
| Date of publication, distribution, etc. | 1949 |
| 300 ## - PHYSICAL DESCRIPTION | |
| Extent | xxxvii, 1128 pages |
| Dimensions | 23.5 cm |
| 490 ## - SERIES STATEMENT | |
| Materials specified | Law Reports |
| 500 ## - GENERAL NOTE | |
| General note | The All England Law Reports Annotated of Cases decided in The House of Lords, The Privy Council, All Divisions of the Supreme Court and Courts of Special Jurisdiction - 1949 Volume 2. |
| 600 ## - SUBJECT ADDED ENTRY--PERSONAL NAME | |
| Source of heading or term | Law Reports |
| General subdivision | England |
| 700 ## - ADDED ENTRY--PERSONAL NAME | |
| Personal name | Sir Roland Burrows, K.C. (Recorder of Cambridge. Managing Editor of Halsbury's Laws of England, Hailsham Edition) |
| Relator term | Consulting Editor |
| 700 ## - ADDED ENTRY--PERSONAL NAME | |
| Personal name | Harold Christie, K.C. (Bencher of Lincoln's Inn) |
| Relator term | Consulting Editor for Chancery Cases |
| 700 ## - ADDED ENTRY--PERSONAL NAME | |
| Personal name | Cyril King, K.C. (Bencher of Middle Temple) |
| Relator term | Consulting Editor for Taxation Cases |
| 700 ## - ADDED ENTRY--PERSONAL NAME | |
| Personal name | G. F. L. Bridgman (of the Middle Temple, Barristers-at-Law) |
| Relator term | General Editor |
| 942 ## - ADDED ENTRY ELEMENTS (KOHA) | |
| Source of classification or shelving scheme | Library of Congress Classification |
| Koha item type | Books |
| Suppress in OPAC | No |
| Withdrawn status | Lost status | Source of classification or shelving scheme | Damaged status | Not for loan | Collection | Home library | Current library | Shelving location | Date acquired | Total checkouts | Full call number | Barcode | Date last seen | Copy number | Price effective from | Koha item type |
|---|---|---|---|---|---|---|---|---|---|---|---|---|---|---|---|---|
| Library of Congress Classification | Non-fiction | Law Library (Miotso) | Law Library (Miotso) | General stacks | 11/27/2024 | ELR49 Vol. 2 | llm00001237 | 11/27/2024 | 1 | 11/27/2024 | Books |